000 00542nam a22001457a 4500
008 230531b |||||||| |||| 00| 0 eng d
040 _aNational Science Library
_cNational Science Library
080 _a577.16(063)
_bK2
245 _aProceedings of the symposium on vitamin metabolism
_c/ Held in Calcutta on May 5 and 6, 1962
260 _aNew Delhi:
_bNational Institute of Sciences in India,
_c1962
300 _a209p.
490 _aBulletin of the National Institute of Sciences in India
_v25
650 _aScience
942 _2udc
_cPR
999 _c37139
_d37139